Príspevok k sociológii rodiny I. Možný: Rodina vysokoškolsky vzdelaných manželov

Bibliographic Details
Main Authors: Piscová-Uhlárová, Magdalena, 1949- (Author), Radičová, Iveta, 1956- (Author), Možný, Ivo, 1932-2016 (Author)
Format: Article
Language:Slovak
Subjects:

MARC

LEADER 00000nab a2200000 a 4500
001 vtls000198149
003 SK-MaSNL
005 20260303221849.0
008 111106c1984 xo 0 slo
015 |a SNBRB19rr/mm-uuuuu 
035 |a CL0208262 
040 |a SNKBUCL  |b slo  |c SNKBUCL  |e AACR2 
041 0 |a slo 
044 |a xo  |c SK 
080 |a 301.185.1-055.5/.7  |2 1981 
100 1 |a Piscová-Uhlárová, Magdalena,  |d 1949-  |4 aut  |9 169533 
245 1 0 |a Príspevok k sociológii rodiny  |b I. Možný: Rodina vysokoškolsky vzdelaných manželov  |c Magda Piscová, Iveta Radičová ; Ivo Možný 
650 0 7 |a sociológia rodiny  |2 SNKPH  |9 4904 
650 0 7 |a manželia  |2 SNKPH  |9 22182 
650 0 7 |a vysokoškolské vzdelanie  |2 SNK  |9 1255769 
655 7 |a články z novín a časopisov  |2 SNK  |9 267496 
700 1 |a Radičová, Iveta,  |d 1956-  |4 aut  |9 106427 
700 1 |a Možný, Ivo,  |d 1932-2016  |4 aut  |9 236835 
773 0 |t Nové slovo  |g Roč. 26, č. 45 (1984), s. 23 
787 0 8 |i Rec.:  |a Možný, Ivo  |t Rodina vysokoškolsky vzdelaných manželov 
850 |a Slovenská národná knižnica v Martine  |a MTA001 
852 |a SNK  |b KIS3GCP 
958 |a RK 
992 |a RBX 
999 |c 2236632  |d 2238562